Impact of e-disha centres in public utility services: A case study of Rohtak division (2019-2020) (Record no. 393563)

MARC details
000 -LEADER
fixed length control field 00571nam a2200181 4500
005 - DATE & TIME
control field 20250929154612.0
008 - FIXED-LENGTH DATA ELEMENTS--GENERAL INFORMATION
fixed length control field 250929b |||||||| |||| 00| 0 eng d
040 ## - CATALOGING SOURCE
Original cataloging agency VIVEKANANDA LIBRARY
082 ## - DDC NUMBER
Classification number 351.10954
Book Number S56I
100 ## - MAIN ENTRY--PERSONAL NAME
Personal name Sandeep
245 ## - TITLE STATEMENT
Title Impact of e-disha centres in public utility services: A case study of Rohtak division (2019-2020)
260 ## - PUBLICATION, DISTRIBUTION, ETC. (IMPRINT)
Name of publisher, distributor, etc Deaprtment of Public Administration, M D University, Rohtak
Date of publication, distribution, etc 2025
300 ## - PHYSICAL DESCRIPTION
Pages xviii, 226
650 ## - Subject
Subject Public Administration
650 ## - Subject
Subject Public Utility Services
700 ## - Added Entry Personal Name
Added Entry Personal Name Dahiya, Sewa Singh
942 ## - ADDED ENTRY ELEMENTS (KOHA)
Koha item type Thesis
Holdings
Withdrawn status Lost status Source of classification or shelving scheme Damaged status Not for loan Location (home branch) Sublocation or collection (holding branch) Shelving location Date acquired Koha issues (times borrowed) Koha full call number Accession No. Koha date last seen Copy number Koha item type
    Dewey Decimal Classification     VIVEKANANDA LIBRARY VIVEKANANDA LIBRARY Vivekananda Library 29/09/2025   351.10954 S56I 411201 29/09/2025 R Thesis
© Designed and Maintained by Vivekananda Library, MDU Rohtak